Zwycięscy Kryształowej Kuli od sezonu 00/01 - Statystyki

Ogólne statystyki
  • Ten quiz został rozwiązany 261 razy
  • Średni wynik to 16 z 19
Statystyki odpowiedzi
Narciarze % Poprawnych
00/01 Małysz
100%
13/14 Stoch
99%
17/18 Stoch
99%
01/02 Małysz
93%
02/03 Małysz
93%
06/07 Małysz
93%
18/19 Kobayashi
88%
16/17 Kraft
88%
15/16 Prevc
88%
03/04 Ahonen
81%
04/05 Ahonen
81%
08/09 Schlierenzauer
76%
12/13 Schlierenzauer
76%
07/08 Morgenstern
74%
10/11 Morgenstern
74%
14/15 Freund
72%
09/10 Ammann
66%
05/06 Janda
64%
11/12 Bardal
59%
Nie znaleziono quizów pasujących do podanych kryteriów
Rozkład punktacji
Procent ludzi z każdym wynikiem
Percentyl według liczby udzielonych odpowiedzi
Twoja historia wyników
Nie rozwiązałeś tego quizu